000 nam a22 7a 4500
999 _c26065
_d26065
008 170201b xxu||||| |||| 00| 0 eng d
020 _a 9781618531025
050 _aHF 5636 .F56 2015
100 _aEaston, Peter D.
245 _aFinancial & managerial accounting for MBAs/
_cPeter D. Easton, Robert F. Halsey and Mary Lea McAnally,
250 _a4rth ed.
260 _aUSA :
_bcambridge,
_c2015
300 _aVarious paging. :
_bill. ;
_c28cm.
500 _aInclude index.
650 _aAccounting.
700 _aHalsey, Robert D.
700 _aMcAnally, Mary Lea.
942 _2lcc
_cBOOKS